000 01017cam a22002657a 4500
003 MX-MxUPN
005 20241008163542.0
008 240816s1978 fr| |||fr ||| 000 0 spa d
040 _aMX-MxUPN
_bspa
041 0 _aeng
050 4 _aHD6276.52 S7
_bH35 1978
100 1 _928384
_aHallak, Jacques,
_d1937-
100 1 _953960
_aVersluis, Jan
245 1 0 _aCorrespondence between education and the world of work :
_ban alternative way of looking al labour force data with exmaples from Sudan, Singapore, Korea and Thailand
250 _aSecond edition
260 _aParis :
_bInternational Institute for educational Planning,
_c1978.
300 _a46 páginas :
_bgráficas
490 0 _aResearch report ;
_v25
650 4 _953962
_aEducación y empleo
_zSudán
650 0 _953961
_aEducación y empleo
_zTailandia
650 4 _953963
_aEducación y empleo
_zSingapur
650 4 _953964
_aEducación y empleo
_zCorea (Sur)
902 _aMarielOrtiz/160824
_bVíctorGodínez/081024
942 _2lcc
_cFOLL
999 _c211577
_d211577